A mocidade de Lawrence da Arábia (Registo nº 1918)

Detalhes MARC
000 -Etiqueta do registo
Cabeçalho 00918nam a22003011 4500
005 - Identificador da versão
Campo de controlo 20240813121919.0
095 ## -
-- PTBN00807970
021 ## - Número do Depósito Legal
Código do país PT
100 ## - Dados gerais de processamento
Dados gerais de processamento 20070528d1969 da y0pory5003 ba
102 ## - Pais de publicação ou produção
País de publicação Portugal
101 1# - Língua de publicação
Língua do texto, banda sonora, etc. Português
Língua do documento no original Inglês
106 ## - Campo de dados codificados: material textual
Dados codificados do material textual r
105 ## - Campo de dados codificados: livros
Dados codificados dos livros y z 001fy
215 ## - Descrição física 
Indicação específica da natureza do documento e extensão da espécie 179 p.
Dimensões 19 cm
200 1# - Titulo e menção de responsabilidade
Título próprio A mocidade de Lawrence da Arábia
Primeira menção de responsabilidade James Cadell
Outras menções de responsabilidade trad. Joaquim Simões de Carvalho
225 2# - Colecção 
Título próprio da colecção Biblioteca da juventude
Número de uma parte ou secção Série F
Nome de uma parte ou secção Vidas heróicas
Indicação de volume 5
210 ## - Publicação, Distribuição, etc. 
Lugar da edição, distribuição, etc. Lisboa
Nome do editor, distribuidor, etc. Verbo
Data da publicação, distribuição, etc. imp. 1969
304 ## - Notas relativas a título e menção de responsabilidade 
Texto da nota Tít. orig.: The young Lawrence of Arabia
606 ## - Nome comum usado como assunto
Número de registo de entrada de autoridade 0000479
Palavra de ordem Literatura estrangeira juvenil
Subdivisão de assunto Romance de aventuras
675 ## - Classificação Decimal Universal (CDU)
Notação 82-311.3
Edição
Língua da edição por
702 #1 - Nome de autor-pessoa física (responsabilidade secundária)
Número de registo de entrada de autoridade 0000513
Palavra de ordem Carvalho
Outra parte do nome não tomada para palavra de ordem Joaquim Simões de
Código de função Tradutor
700 #1 - Nome de autor-pessoa física (responsabilidade principal)
Número de registo de entrada de autoridade 0000512
Palavra de ordem Cadell
Outra parte do nome não tomada para palavra de ordem James
942 ## - Elementos de entrada adicionados (Koha)
Tipo de item no Koha Livro
Exemplares
Situação do levantamento Origin of item (home branch) (coded) Biblioteca de empréstimo Código de barras Cota Circulation type (not for loan) Tipo de documento Nota do exemplar Damaged status
  Biblioteca Escolar da Coca Maravilhas Biblioteca Escolar da Coca Maravilhas BECM2016/93 8EST CAD   Livro Sem mensagem  
  Biblioteca Escolar da Coca Maravilhas Biblioteca Escolar da Coca Maravilhas BECM3508/98 8EST CAD   Livro Sem mensagem